Govt. of
Madhya Pradesh

Master The NCERT For NEET UG Biology Volume 1 (Record no. 67061)

MARC details
000 -LEADER
fixed length control field 00553nam a22001937a 4500
003 - CONTROL NUMBER IDENTIFIER
control field MACL
005 - DATE AND TIME OF LATEST TRANSACTION
control field 20241018154633.0
008 - FIXED-LENGTH DATA ELEMENTS--GENERAL INFORMATION
fixed length control field 241018b |||||||| |||| 00| 0 eng d
040 ## - CATALOGING SOURCE
Transcribing agency MACL
082 ## - DEWEY DECIMAL CLASSIFICATION NUMBER
Classification number 570
100 ## - MAIN ENTRY--PERSONAL NAME
Personal name Sharma Sanjay
9 (RLIN) 34303
245 ## - TITLE STATEMENT
Title Master The NCERT For NEET UG Biology Volume 1
260 ## - PUBLICATION, DISTRIBUTION, ETC. (IMPRINT)
Place of publication, distribution, etc. New Delhi
Name of publisher, distributor, etc. Arihant Publication
Date of publication, distribution, etc. 2024
440 ## - SERIES STATEMENT/ADDED ENTRY--TITLE
Title Master The NCERT For NEET UG Biology Volume 1
9 (RLIN) 82519
600 ## - SUBJECT ADDED ENTRY--PERSONAL NAME
Personal name Sharma Sanjay
9 (RLIN) 34303
650 ## - SUBJECT ADDED ENTRY--TOPICAL TERM
Topical term or geographic name as entry element Biology
9 (RLIN) 1078
700 ## - ADDED ENTRY--PERSONAL NAME
Personal name Sharma Sanjay
9 (RLIN) 34303
942 ## - ADDED ENTRY ELEMENTS (KOHA)
Source of classification or shelving scheme
Koha item type Competitive Books
Holdings
Withdrawn status Lost status Source of classification or shelving scheme Damaged status Not for loan Home library Current library Date acquired Cost, normal purchase price Total Checkouts Full call number Barcode Date last seen Date last checked out Price effective from Koha item type
          MACL MACL 18/10/2024 550.00 6 570 DPI002326 21/03/2025 15/03/2025 18/10/2024 Competitive Books
          MACL MACL 18/10/2024     570   18/10/2024   18/10/2024 Competitive Books